000 00562pab a2200181 454500
008 180718b2007 xxu||||| |||| 00| 0 eng d
100 _aCoughlas, Peter
245 _aPhototypes as (design) tools for behavioral and organizational change: a design-based approach to help organizations change work behaviors
260 _c2007
300 _ap.122-34.
362 _aMar
650 _aOrganizational change
700 _aCanales, Katherine
700 _aSuri, Jane Fulton
773 _aJournal of Applied Behavioral Science
908 _aN
909 _a73460
999 _c73460
_d73460